ARRUPE JESUIT UNIVERSITY

CORONAVIRUS -STOP THE SPREAD - CLEAN,DISINFECT,COVER

A companion to the Reformation world / (Record no. 120671)

MARC details
000 -LEADER
fixed length control field 01286cam a22003134a 4500
001 - CONTROL NUMBER
control field 13041801
003 - CONTROL NUMBER IDENTIFIER
control field ARRUPE
005 - DATE AND TIME OF LATEST TRANSACTION
control field 20150311020006.0
008 - FIXED-LENGTH DATA ELEMENTS--GENERAL INFORMATION
fixed length control field 021226s2004 mau b 001 0 eng
010 ## - LIBRARY OF CONGRESS CONTROL NUMBER
LC control number 2002156493
020 ## - INTERNATIONAL STANDARD BOOK NUMBER
International Standard Book Number 0631220178 (alk. paper)
040 ## - CATALOGING SOURCE
Original cataloging agency DLC
Transcribing agency DLC
Modifying agency DLC
042 ## - AUTHENTICATION CODE
Authentication code pcc
043 ## - GEOGRAPHIC AREA CODE
Geographic area code e------
050 00 - LIBRARY OF CONGRESS CALL NUMBER
Classification number BR309
Item number .C62 2004
082 00 - DEWEY DECIMAL CLASSIFICATION NUMBER
Classification number 270.6
Edition number 21
300 ## - PHYSICAL DESCRIPTION
Dimensions 26 cm.
245 02 - TITLE STATEMENT
Title A companion to the Reformation world /
Statement of responsibility, etc edited by R. Po-chia Hsia.
260 ## - PUBLICATION, DISTRIBUTION, ETC. (IMPRINT)
Place of publication, distribution, etc Malden, MA :
Name of publisher, distributor, etc Blackwell Pub.,
Date of publication, distribution, etc 2004.
300 ## - PHYSICAL DESCRIPTION
Extent xix, 572 p. ;
440 #0 - SERIES STATEMENT/ADDED ENTRY--TITLE
Title Blackwell companions to European history
9 (RLIN) 10747
504 ## - BIBLIOGRAPHY, ETC. NOTE
Bibliography, etc Includes bibliographical references and index.
505 0# - FORMATTED CONTENTS NOTE
Formatted contents note On the eve of the Reformation -- The Reformation in the Holy Roman Empire -- The European Reformation -- Catholic renewal and confessional struggles -- Christian Europe and the world -- Structures of the Reformation world.
650 #0 - SUBJECT ADDED ENTRY--TOPICAL TERM
Topical term or geographic name as entry element Reformation.
9 (RLIN) 10748
700 1# - ADDED ENTRY--PERSONAL NAME
Personal name Hsia, R. Po-chia,
Dates associated with a name 1953-
9 (RLIN) 10749
856 42 - ELECTRONIC LOCATION AND ACCESS
Materials specified Book review (H-Net)
Uniform Resource Identifier <a href="http://www.h-net.org/review/hrev-a0e7i4-aa">http://www.h-net.org/review/hrev-a0e7i4-aa</a>
906 ## - LOCAL DATA ELEMENT F, LDF (RLIN)
a 7
b cbc
c orignew
d 1
e ecip
f 20
g y-gencatlg
942 ## - ADDED ENTRY ELEMENTS (KOHA)
Source of classification or shelving scheme Library of Congress Classification
Koha item type Monograph ( Printed materials)
Koha issues (borrowed), all copies 1
Holdings
Withdrawn status Lost status Source of classification or shelving scheme Damaged status Not for loan Collection code Home library Current library Shelving location Date acquired Total Checkouts Full call number Barcode Date last seen Date checked out Price effective from Koha item type
    Library of Congress Classification     Main Collection ARRUPE LIBRARY ARRUPE LIBRARY Main Collection 06/06/2014 4 BR309 .C62 2004 46500000576 08/03/2018 22/02/2018 06/06/2014 Monograph ( Printed materials)

 

Arrupe Library. PO Box MP320 Mt Pleasant, Harare, Zimbabwe
263 242 745411|librarian@aju.ac.zw